000 00690nam a2200265Ia 4500
005 20260121172733.0
008 008 260114s9999 xx 000 0 eng d
020 _a9783030746728
037 _aEBOOK
040 _aCRL
040 _beng
040 _cCRL
041 _2eng
041 _aeng
084 _qCRL
100 _aScott B. Martin, João Paulo Cândia Veiga, Katiuscia Moreno Galhera
_91092116
245 0 _aLabor Contestation at Walmart Brazil
260 _bSpringer
260 _bSpringer
260 _c2021
856 _uhttps://link.springer.com/openurl?genre=book&isbn=978-3-030-74672-8
942 _cEBOOK
999 _c1657856
_d1657856